| 000 | 00621nam a2200181Ia 4500 | ||
|---|---|---|---|
| 003 | GCL | ||
| 008 | 140319s9999 xx 000 0 ara d | ||
| 040 |
_aGCL / _cGCL |
||
| 082 | 0 | 4 |
_a222 _bف م |
| 100 | 1 | _aفيصل ابراهيم زاهر | |
| 245 | 1 | 0 |
_aالمواضع الطبية فى القران الكريم: الفاظ بنيان جسم الانسان / _cفيصل ابراهيم زاهر |
| 300 | _a124 ص | ||
| 490 |
_aسلسلة الطب الاسلامى _v0 |
||
| 650 | 0 | 4 | _aالقران - بلاغة |
| 650 | 0 | 4 | _aالقران - الفاظ |
| 650 | 0 | 4 | _aالقران - سور وايات |
| 942 |
_2ddc _cBK |
||
| 999 |
_c47142 _d47142 |
||